000 00307nam a22001217a 4500
082 _a823
_bBLY/F
100 _aBLYTON, ENID
245 _aFAMOUS FIVE FALL INTO ADVENTURE
246 _aFAMOUS FIVE FALL INTO ADVENTURE
_bFAMOUS FIVE FALL INTO ADVENTURE
260 _aU K
650 _aENGLISH STORY
942 _cBK
999 _c8952
_d8952